Odysseus Countries Visited Map - Statistics

General Stats
  • This quiz has been taken 266 times
  • The average score is 6 of 7
Answers on the Map
Answers color-coded by a green-red scale on the quiz's map according to % correct below.
 
Answer Stats
Country % Correct
Italy
99%
Greece
98%
Spain
98%
Turkey
96%
Algeria
88%
Tunisia
86%
Malta
73%
No matching quizzes found
Score Distribution
Percent of People with Each Score
Percentile by Number Answered
Your Score History
You have not taken this quiz